000 00212nam a22000977a 4500
082 _a621.56 TRA'T
245 _aTRANE RECIPROCATING REFRIGERATION
260 _aLONDON
_bTAAME
_c1977
300 _a176P
942 _cBK
999 _c575831
_d575831